000
00249nam a2200109Ia 4500
008
190914s9999||||xx |||||||||||||| ||und||
100
_a
Anastasi,Anne
245
0
_a
Psychology Testing
260
_a
India
_b
Oxford
_c
2000
300
_a
416
942
_c
BK
999
_c
10033
_d
10033